[Event "Domloup op-B"]
[Site "Domloup"]
[Date "2013.08.31"]
[Round "5"]
[White "Joyeux, Gerard"]
[Black "Al Ahdab, Nasir"]
[Result "1-0"]
[WhiteElo "1610"]
[BlackElo "1499"]
[PlyCount "59"]
[EventDate "2013.08.30"]
[EventType "swiss"]
[EventRounds "5"]
[EventCountry "FRA"]
[SourceTitle "CBM 156 Extra"]
[Source "ChessBase"]
[SourceDate "2013.10.22"]
[SourceVersion "1"]
[SourceVersionDate "2013.10.22"]
[SourceQuality "1"]

1. d4 d5 2. e4 e6 3. e5 c5 4. c3 Nc6 5. Nf3 cxd4 6. cxd4 Qa5+ 7. Nc3 Qb6 8. Bd3 a6 9. 0-0 Bd7 10. Be2 Qd8 11. a3 b5 12. b4 Nce7 13. Bd3 h6 14. Nd2 Nf5 15. Bxf5 exf5 16. Nb3 Be6 17. Ne2 f6 18. Nf4 Kf7 19. Qh5+ Ke7 20. Ng6+ Kd7 21. Nxh8 fxe5 22. Ng6 Nf6 23. Nxf8+ Qxf8 24. Nc5+ Qxc5 25. Qg6 Qxd4 26. Qxg7+ Kd6 27. Be3 Qh4 28. Rac1 d4 29. Qc7+ Kd5 30. Qc6# 1-0